The SAGE dictionary of qualitative management research (Record no. 80297)

MARC details
000 -LEADER
fixed length control field 00907nam a2200193 a 4500
008 - FIXED-LENGTH DATA ELEMENTS--GENERAL INFORMATION
fixed length control field 101020s2008 ||||||||||||||||| || u
020 ## - INTERNATIONAL STANDARD BOOK NUMBER
International Standard Book Number 9781412935289
050 ## - LIBRARY OF CONGRESS CALL NUMBER
Classification number HD 30.4 Sag
100 ## - MAIN ENTRY--PERSONAL NAME
Personal name Holt, Robin
245 14 - TITLE STATEMENT
Title The SAGE dictionary of qualitative management research
Statement of responsibility, etc. compiled and edited by Richard Thorpe and Robin Holt
260 ## - PUBLICATION, DISTRIBUTION, ETC.
Place of publication, distribution, etc. London
Name of publisher, distributor, etc. SAGE Publications
Date of publication, distribution, etc. 2008
300 ## - PHYSICAL DESCRIPTION
Extent xxii, 290p.: ill.
350 ## -
-- 0.00
650 ## - SUBJECT ADDED ENTRY--TOPICAL TERM
Topical term or geographic name entry element MANAGEMENT--RESEARCH--METHODOLOGY--DICTIONARIES
650 ## - SUBJECT ADDED ENTRY--TOPICAL TERM
Topical term or geographic name entry element RESEARCH COLLABORATION
700 ## - ADDED ENTRY--PERSONAL NAME
Personal name Thorpe, Richard
995 ## -
-- MAIN LIBRARY OPEN ACCESS
-- 0.00
-- 741891
-- CBU-MAIN LIBRARY (Kitwe)
-- 1
-- 0.00
-- HD 30.4 SAG
-- 1
-- AVAILABLE
-- Jan 3, 2011
-- 741891
-- Main Library Open Access Collection
995 ## -
-- MAIN LIBRARY OPEN ACCESS
-- 0.00
-- 742966
-- CBU-MAIN LIBRARY (Kitwe)
-- 1
-- 0.00
-- HD 30.4 SAG
-- 2
-- AVAILABLE
-- Apr 2, 2012
-- 742966
-- Main Library Open Access Collection
999 ## -
-- 80297
-- 80297
Holdings
Withdrawn status Lost status Source of classification or shelving scheme Damaged status Not for loan Permanent Location Current Location Shelving location Date acquired Total Checkouts Full call number Barcode Date last seen Copy number Price effective from Koha item type
          CBU-MAIN LIBRARY, KITWE. CBU-MAIN LIBRARY, KITWE.   06/29/2023   HD 30.4 Sag 741891 06/29/2023 1 06/29/2023 MONOGRAPH
          CBU-MAIN LIBRARY, KITWE. CBU-MAIN LIBRARY, KITWE.   06/29/2023   HD 30.4 Sag 742966 06/29/2023 2 06/29/2023 MONOGRAPH